| 000 | 01260cam a2200325 a 4500 | ||
|---|---|---|---|
| 999 |
_c117839 _d117839 |
||
| 001 | 12958829 | ||
| 003 | ARRUPE | ||
| 005 | 20170323102323.0 | ||
| 008 | 021004s2002 enka b 001 0 eng | ||
| 010 | _a 2002725609 | ||
| 020 | _a0192802550 (pbk.) | ||
| 035 | _a(OCoLC)ocm48417168 | ||
| 040 |
_aUKM _cUKM _dDLC |
||
| 042 | _alccopycat | ||
| 050 | 0 | 0 |
_aB1247 _b.T83 2002 |
| 082 | 0 | 4 |
_a192 _221 |
| 100 | 1 |
_aTuck, Richard, _d1949- _9389 |
|
| 245 | 1 | 0 |
_aHobbes : _ba very short introduction / _cRichard Tuck. |
| 260 |
_aOxford ; _aNew York : _bOxford University Press, _c2002. |
||
| 300 |
_axiii, 148 p. : _bill. ; _c18 cm. |
||
| 440 | 0 |
_aVery short introductions _9390 |
|
| 504 | _aIncludes bibliographical references (p. 132-134) and index. | ||
| 600 | 1 | 0 |
_aHobbes, Thomas, _d1588-1679. _9391 |
| 906 |
_a7 _bcbc _ccopycat _d2 _encip _f20 _gy-gencatlg |
||
| 942 |
_2lcc _cMONOGRAPH |
||